000 00370nam a2200133Ia 4500
008 240624s9999 xx 000 0 und d
041 _aeng
082 _a658.408 CRA
100 _aCRANE ANDREW
245 _aOXFORD HANDBOOK OF CORPORATE SOCIAL RESP
260 _c2009
_aExch.Oxford
_bOxford University Press
300 _axviii, : 608 : p. : 23 : cm.
365 _cGBP
_b30
999 _c19158
_d19158